000 00599nam a2200229Ia 4500
003 OSt
005 20221007065513.0
006 a|||||r|||| 00| 0
007 ta
008 221006b |||||||| |||| 00| 0 eng d
024 _a22,343
037 _cTextual
040 _aFLL
_cFLL
_beng
041 _2eng
_aeng
082 _aX:9:Z2, N9
100 _aMisra S.K.
245 0 _aIndustrial and labour laws of India
260 _aFaridabad
_bAllahabad Law Agency India
_c1999
300 _avii,832p
_ccm.
942 _hX:9:Z2, N9
_cTEXL
_2CC
999 _c1137490
_d1137490